| 000 | 01161nam a22002894c 4500 | ||
|---|---|---|---|
| 003 | AR-BaSMT | ||
| 008 | 250819t2014 aga|||br|||| 000 1 spa d | ||
| 020 | _a9789871603091 | ||
| 040 |
_aBSGB _bespañol _cBSGB _erda |
||
| 041 | 0 |
_aspa _hespañol |
|
| 080 | _a82-31 | ||
| 100 | 1 |
_aSaracino, Luciano _9355 |
|
| 245 | 1 | 4 | _aLos niños en las paredes |
| 250 | _aPrimera edición | ||
| 264 | 1 |
_aBuenos aires : _bRidechail , _c2014 |
|
| 300 |
_a32 páginas ; _bilustraciones color |
||
| 336 |
_2rdacontent _atexto _btxt |
||
| 337 |
_2rdamedia _asin mediación _bn |
||
| 338 |
_2rdacarrier _avolumen _bnc |
||
| 490 |
_aHistorias entre tumbas _vII |
||
| 520 | _aEntre las tumbas del cementerio hay una que a Moritz le llama la atención de manera especial: sobre ella se encuentra una estatua de dos niños con una caja en las manos. Su abuelo Arcano conoce bien la historia: son los niños que viven en las paredes. Dice que es una de las historias más escalofriantes del cementerio. | ||
| 521 | _aA partir de 12 años | ||
| 650 | 7 |
_98 _aLITERATURA INFANTIL |
|
| 700 | 1 |
_aMazali, Gustavo, _eIlustrador _9473 |
|
| 942 |
_2ddc _aBOOK |
||
| 999 |
_c633 _d633 |
||